000 00518cam a2200157 4500500
005 20260329004236.0
041 _afre
042 _adc
100 1 0 _aPortevin, Catherine
_eauthor
245 0 0 _aL’inouï. Ou l’autre nom de ce si lassant réel
260 _c2019.
500 _a41
690 _aFrançois Jullien
786 0 _nPhilosophie magazine | 126 | 2 | 2019-02-01 | p. 47-47 | 1951-1787
856 4 1 _uhttps://shs.cairn.info/magazine-philosophie-magazine-2019-2-page-47?lang=fr&redirect-ssocas=7080
999 _c1832061
_d1832061